000 00574nam a22001937a 4500
003 KOHA_MİRAKIL
005 20251108153124.0
008 251108b tu ||||| |||| 00| 0 tur d
020 _a9786055166434
040 _aTR-AnABB
_btur
_cTR-AnABB
041 _atur
082 _a819.1209
_bREC 2014
100 _aRecaizade Mahmut Ekrem,
_d1847-1914
245 1 0 _aEskilerden birkaç şair /
_cRecaizade Mahmut Ekrem
260 _aİstanbul :
_bBüyüyen Ay Yayınları,
_c2014
300 _a208 sayfa ;
_c20 cm
650 0 4 _aTürk edebiyatı, roman
942 _2ddc
_cBK
999 _c9313
_d9313
900 _bGizem YORULMAZ